Minecraft Brewing Quiz - Statistics

General Stats
  • This quiz has been taken 24 times
  • The average score is 14 of 18
Answer Stats
Brewing Ingredients Potion % Correct
Awkward Potion + Golden Carrot Night Vision
95%
Awkward Potion + Spider Eye Poison
95%
Awkward Potion + Magma Cream Fire Resistance
89%
Awkward Potion + Turtle Shell Turtle Master
89%
Water Bottle + Nether Wart Awkward
84%
Awkward Potion + Ghast Tear Regeneration
84%
Awkward Potion + Blaze Powder Strength
84%
Awkward Potion + Sugar Swiftness
84%
Water Bottle + Fermented Spider Eye Weakness
84%
Awkward Potion + Glistering Melon Healing
79%
Awkward Potion + Sugar or Rabbit's Foot + Fermented Spider Eye Slowness
79%
Awkward Potion + Pufferfish Water Breathing
79%
Awkward Potion + Glistering Melon or Spider Eye + Fermented Spider Eye Harming
74%
Awkward Potion + Rabbit's Foot Leaping
74%
Awkward Potion + Phantom Membrane Slow Falling
74%
Awkward Potion + Golden Carrot + Fermented Spider Eye Invisibility
68%
Water Bottle + Glowstone Dust Thick
68%
Water Bottle + Spider Eye, Ghast Tear, Rabbit's Foot, Blaze Power, etc. Mundane
53%
No matching quizzes found
Score Distribution
Percent of People with Each Score
Percentile by Number Answered
Your Score History
You have not taken this quiz